000 00523nam a22002177a 4500
003 UA-OsUOA
001 44900
007 ta
008 20110625b un ||||| |||| 00| 0 ukr d
100 _aСтарицький В.
090 _a82-1
_bС77
942 _cBR
040 _aUA-OsUOA
_bukr
_cUA-OsUOA
_dUA-OsUOA
245 _aПелюстки туги
955 _a3
041 _aukr
080 _a82-1
260 _c1951
650 7 _a82 Література. Літературознавство
_2UDC
999 _c425001
_d425001